A carregar...

ചുംബിക്കുന്ന മനുഷ്യർ ചുംബിക്കാത്ത മനുഷ്യർ /

Articles on "Kiss of love", a protest against moral policing in Kerala.

Detalhes bibliográficos
Formato: Printed Book
Idioma:Malayalam
Publicado em: Kottayam: DC Books, 2014.
LEADER 00930cam a22002295i 4500
008 150421s2015 ii 000 0 malo
999 |c 150180  |d 150180 
010 |a  2015307041 
020 |a 9788126452651 
025 |a I-Mal-2015307041 
042 |a lcode 
082 |a 920 UNN/C 
245 0 0 |a ചുംബിക്കുന്ന മനുഷ്യർ ചുംബിക്കാത്ത മനുഷ്യർ /  |c  Uṇṇi R 
260 |a Kottayam:  |b DC Books,  |c 2014. 
300 |a 287 pages 
520 |a Articles on "Kiss of love", a protest against moral policing in Kerala. 
546 |a In Malayalam. 
942 |c BK 
246 |a Chumbikkunna manusyar, chumbikkatta manusyar / 
906 |a 7  |b par  |c origode  |d 3  |e ncip  |f 20  |g y-gencatlg 
955 |b wd37 2015-04-21 to SELCOM 
952 |0 0  |1 0  |4 0  |6 920_000000000000000_UNN_C  |7 0  |9 160500  |a MCJ  |b MCJ  |c ST1  |d 2015-06-08  |i 3207  |l 8  |m 1  |o 920 UNN/C  |p MCJ3207  |r 2021-09-22  |s 2021-07-05  |w 2015-06-08  |y BK